Redescubrimiento de América

Uloženo v:
Podrobná bibliografie
Hlavní autor: Frank, Waldo (Autor)
Médium: Kniha
Jazyk:španělština
Vydáno: Madrid Revista de Occidente 1929
Témata:
Tagy: Přidat tag
Žádné tagy, Buďte první, kdo vytvoří štítek k tomuto záznamu!

MARC

LEADER 00000nam a2200000 a 4500
001 UCO1976
003 CL-VaPUC
008 000602e19290000SP |||||||||||||||||spa|d
082 0 4 |a 155.8973  |b FRA  |2 21 
100 0 |a Frank, Waldo  |e author  |9 435556 
245 1 0 |a Redescubrimiento de América 
300 |a 254 p 
942 |c BK 
945 |d 20000602 00:00:00  |a lriquelm 
260 |a Madrid  |b Revista de Occidente  |c 1929 
650 0 |a Psicología social   |9 222894 
650 7 |a NACIONALISMO CULTURAL  |2 CL-VaPUC  |9 319129 
650 0 |a Identidad nacional  |9 319130 
650 0 |a Identidad cultural  |9 319131 
650 7 |a CONDICIONES CULTURALES  |2 CL-VaPUC  |9 319132 
651 0 |a América  |9 255182 
583 |a last modification  |c 20000602 00:00:00  |k Rodrigo Vera 
999 |c 288524  |d 288522 
952 |0 0  |1 0  |4 0  |6 155_897300000000000_FRA_1929  |7 0  |8 X  |9 336243  |a BIBHIS  |b BIBHIS  |d 2019-11-20  |i 1290231  |o 155.8973 FRA 1929  |p 1290231  |r 2024-01-30  |w 2019-11-20  |y BK_X  |k HIS